[Event "Isla Guitart op"]
[Site "Isla Guitart "]
[Date "1994.??.??"]
[Round "?"]
[White "Lopez, Carlos Manuel"]
[Black "Diaz, Augusto"]
[Result "1/2-1/2"]
[WhiteElo "2330"]
[BlackElo "2350"]

1.e4 c5 2.Nf3 Nc6 3.Bb5 e6 4.O-O Nge7 5.c3 a6 6.Ba4 b5 7.Bc2 Bb7 8.d4 cxd4
9.Nxd4 d5 10.Nb3 Ng6 11.Be3 Nce5 12.N1d2 Qh4 13.Na5 Bc8 14.h3 Qd8 15.b4 Nc4
16.Ndxc4 dxc4 17.Qxd8+ Kxd8 18.Bb6+ Ke8 19.e5 Bd7 20.Be4 Rb8 21.Ba7 Rc8 22.f4 Ne7
23.Bb7 Rc7 24.Bb6 Rxb7 25.Nxb7 Nd5 26.Bd4 g6 27.Rf2 Be7 28.g3 h5 29.Na5 Kd8
30.a4 Kc7 31.axb5 Bxb5 32.Kg2 Rd8 33.Rd2 Kb8 34.Kf3 Rh8 35.Raa2 Kc7 36.Rh2 Bf8
37.g4 Bh6 38.f5 Bf4 39.Rhg2 hxg4+ 40.hxg4 g5 41.Rac2 Rh3+ 42.Kf2 Rh1 43.Rg1 Rh2+
44.Rg2 Rh1 45.Rg1 Rh2+  1/2-1/2

[Event "Isla Guitart op"]
[Site "Isla Guitart "]
[Date "1994.??.??"]
[Round "?"]
[White "Larduet, Carlos"]
[Black "Bueno Perez, Lazaro"]
[Result "1/2-1/2"]
[WhiteElo "2300"]
[BlackElo "2240"]

1.e4 c5 2.Nf3 Nc6 3.Bb5 Qb6 4.Nc3 e6 5.O-O Nd4 6.a4 Ne7 7.Nxd4 cxd4 8.Ne2 a6
9.Bd3 Nc6 10.c3 Be7 11.a5 Qa7 12.Qa4 dxc3 13.bxc3 O-O 14.Ba3 d6 15.Bb1 Bd7
16.d4 Rac8 17.Qc2 e5 18.Qd1 exd4 19.cxd4 Nxa5 20.Bxd6 Bxd6 21.Rxa5 Bb5 22.e5 Bb4
23.Rxb5 axb5 24.Be4 g6 25.Qd3 Rfd8 26.Qxb5 Rxd4 27.Nxd4 Qxd4 28.Qxb7 Rd8
29.e6 fxe6  1/2-1/2

[Event "Jakarta"]
[Site "Jakarta"]
[Date "1994.??.??"]
[Round "6"]
[White "Hracek, Zbynek"]
[Black "Sitanggang, Salor"]
[Result "1/2-1/2"]
[WhiteElo "2510"]
[BlackElo "2390"]

1.e4 c5 2.Nf3 Nc6 3.Bb5 g6 4.O-O Bg7 5.c3 a6 6.Ba4 b5 7.Bc2 d6 8.a4 Rb8 9.Na3 Bd7
10.axb5 axb5 11.d4 cxd4 12.cxd4 Nf6 13.Qe2 O-O 14.Bf4 b4 15.Nc4 b3 16.Bb1 Nh5
17.Be3 Bg4 18.Rd1 Rb4 19.d5 Ne5 20.Ncxe5 dxe5 21.h3 Nf4 22.Bxf4 Bxf3 23.gxf3 exf4
24.e5 Qd7 25.e6 fxe6 26.dxe6 Qc7 27.Kg2 Qc5 28.Be4 Qg5+ 29.Kh2 Qe5 30.Ra7 Bf6
31.Rd2 Rc8 32.Qd3 Kg7 33.Qd5 Qxd5 34.Rxd5 Rc6 35.Rdd7 Rxe6 36.Rab7 Reb6 37.Rxb6 Rxb6
38.Rb7 Rd6 39.Rxb3 Rd2 40.Rb7 Rxf2+ 41.Kg1 Bd4 42.Rxe7+ Kh6 43.Rd7 Be3 44.Kh1 Rxb2
45.Rc7 Rd2 46.Re7 Bf2 47.Rc7 Bg3 48.Rc2  1/2-1/2

[Event "JUG-chT2"]
[Site "?"]
[Date "1994.??.??"]
[Round "5"]
[White "Popadic, Dragan"]
[Black "Dragovic, Momcilo"]
[Result "0-1"]
[WhiteElo "2200"]
[BlackElo "2390"]

1.e4 c5 2.Nf3 Nc6 3.Bb5 e6 4.O-O Qc7 5.Re1 a6 6.Bxc6 bxc6 7.d3 d5 8.Nc3 d4
9.Na4 e5 10.h3 f6 11.b3 Be6 12.Ba3 Qa7 13.Rf1 Nh6 14.Qe1 a5 15.Rc1 Be7 16.Nh2 O-O
17.Qe2 Nf7 18.f4 exf4 19.Rxf4 Ne5 20.Qe1 Bd6 21.Rf1 Qe7 22.Qd2 Bc8 23.Nf3 Nxf3+
24.Rxf3 Ba6 25.c4 Qe5 26.g4 Ra7 27.Rcf1 Bc8 28.Kf2 h5 29.gxh5 Qxh5 30.Ke1 Bxh3
31.Qf2 Bxf1 32.Qxf1 Re7 33.Kd2 Re5 34.Nb6 Qh6+ 35.Kc2 Rh5 36.Bc1 Rh2+ 37.Kb1 Qh4
38.Nd7 Rh1 39.Qe2 Bf4 40.Rf1 Rf7 41.Bxf4 Rxf1+ 42.Qxf1 Rxd7 43.Kb2 Qg4 44.Bd2 Ra7
45.Ka3 Ra8 46.Ka4 Qd7 47.Qf4 Qb7 48.Ka3 a4 49.b4 Rb8 50.Qd6 cxb4+ 51.Bxb4 Kf7
52.Kxa4 Qa7+ 53.Kb3 c5 54.a3 cxb4 55.axb4 Ra8 56.Qd5+ Ke7 57.Kc2 Qa2+ 58.Kd1 Qb1+
59.Ke2 Ra2+ 60.Kf3  0-1

[Event "JUG-chT2"]
[Site "?"]
[Date "1994.??.??"]
[Round "8"]
[White "Zivkovic, Milan"]
[Black "Skoko, Mirko"]
[Result "1-0"]
[WhiteElo "2315"]
[BlackElo "2250"]

1.e4 c5 2.Nf3 Nc6 3.Bb5 g6 4.Bxc6 dxc6 5.O-O Bg7 6.d3 e5 7.Be3 b6 8.Nbd2 f6
9.a4 a5 10.Nc4 Ra6 11.Qc1 Ne7 12.Bh6 O-O 13.Bxg7 Kxg7 14.Qe3 Be6 15.b3 g5
16.c3 Ra7 17.Rfd1 Rd7 18.Rd2 Ng6 19.g3 h5 20.Rb1 h4 21.Rbb2 hxg3 22.fxg3 b5
23.Na3 b4 24.cxb4 cxb4 25.Nc4 g4 26.Ne1 Bxc4 27.dxc4 Rd4 28.Rf2 Qc8 29.Rbd2 Rfd8
30.Nc2 c5 31.Nxd4 exd4 32.Qe2 Ne5 33.Rf5 Rh8 34.Qd1 Rh6 35.Rdf2 Qe6 36.R2f4 Rg6
37.Qf1 Qd6 38.h4 gxh3 39.Qxh3 d3 40.Rh5 d2 41.Rh7+ Kg8 42.Rh8+ Kf7 43.Rh7+ Rg7
44.Qh5+ Ng6 45.Rf1 Qxg3+ 46.Kh1 Kg8 47.Rxg7+ Kxg7 48.Rg1 d1=Q 49.Rxd1 Qc7
50.Rg1 Qf7 51.Qxc5 Qe8 52.Qf5 Qh8+ 53.Kg2 Kf7 54.Qd7+ Ne7 55.Qh3 Qd8 56.Qh5+ Ke6
57.Rd1 Qg8+ 58.Kf2 Qb8 59.c5 Qf4+ 60.Qf3 Qh2+ 61.Kf1 Qe5 62.Qf2 Kf7 63.Qd4 Qh2
64.Qc4+ Kg7 65.c6 Ng6 66.c7 Qh1+ 67.Ke2 Qh2+ 68.Ke1 Ne5 69.Rd7+ Kh6 70.c8=Q Qg3+
71.Kd1 Nxc4 72.Qh8+  1-0

[Event "Heart of Finland op 4th"]
[Site "Jyvaskyla"]
[Date "1994.??.??"]
[Round "?"]
[White "Pulkkinen, Kari"]
[Black "Sherbakov, Ruslan"]
[Result "1/2-1/2"]
[WhiteElo "2355"]
[BlackElo "2510"]

1.e4 c5 2.Nf3 Nc6 3.Bb5 e6 4.O-O Nge7 5.Re1 a6 6.Bxc6 Nxc6 7.d4 cxd4 8.Nxd4 d6
9.Nxc6 bxc6 10.Nc3 Qc7 11.Qg4 f6 12.Be3 e5 13.Qg3 g5 14.Na4 Be6 15.c4 Kf7
16.h4 g4 17.f4 gxf3 18.Qxf3 h5 19.Rac1 Be7 20.Nb6 Rag8 21.Nd5 cxd5 22.cxd5 Bg4
23.Qxg4 hxg4 24.Rxc7 g3 25.Bc5 Rd8 26.Ba3 Rxh4 27.Re3 Rg4 28.Kf1 f5 29.exf5 Kf6
30.Ke2 Rd4 31.Rd3 Rxd3 32.Kxd3 Rh8 33.Ke4 Rh4+ 34.Kf3 Rd4 35.Kxg3 Rxd5 36.Ra7 a5
37.Kf3 Rd3+ 38.Ke2 Rd4 39.b3 Bf8 40.Rxa5 Kxf5 41.Ra6 Rg4 42.Kf2 Rf4+ 43.Ke2 Rg4
44.Kf2  1/2-1/2

[Event "Karditsa"]
[Site "Karditsa"]
[Date "1994.??.??"]
[Round "8"]
[White "Pandavos, Panayotis"]
[Black "Andrianov, Nikolai"]
[Result "1/2-1/2"]
[WhiteElo "2380"]
[BlackElo "2435"]

1.e4 c5 2.Nf3 Nc6 3.Bb5 e6 4.O-O Nge7 5.Re1 a6 6.Bf1 d5 7.exd5 Nxd5 8.d4 cxd4
9.Nxd4 Be7 10.Nxc6 bxc6 11.c4 Nf6 12.Qxd8+ Bxd8 13.b3 Be7 14.Bb2 c5 15.Nc3 Bb7
16.g3 O-O-O 17.Rad1  1/2-1/2

[Event "Kecskemet"]
[Site "Kecskemet"]
[Date "1994.??.??"]
[Round "?"]
[White "Robovic, Saudin"]
[Black "Mann, Gerald"]
[Result "1-0"]
[WhiteElo "2415"]
[BlackElo "2315"]

1.e4 c5 2.Nf3 Nc6 3.Bb5 g6 4.Bxc6 bxc6 5.O-O Bg7 6.Re1 Nf6 7.e5 Nd5 8.c4 Nb6
9.d4 cxd4 10.Qxd4 O-O 11.Qh4 d6 12.Bh6 dxe5 13.Bxg7 Kxg7 14.Nxe5 Qc7 15.Nc3 f6
16.Nxc6 e5 17.Na5 Qc5 18.Nb3 Qxc4 19.Ne4 Qb4 20.Qg3 Be6 21.Nbc5 Bd5 22.b3 Bxe4
23.Nxe4 Rad8 24.Rac1 Rf7 25.h4 h5 26.Qc3 Qxc3 27.Rxc3 Re7 28.Rc6 f5 29.Ng5 Rde8
30.Rd1 Nd7 31.Rdd6 Nf8 32.Ra6 e4 33.Kh2 Rc8 34.Nh3 Rc2 35.Rdc6 Rxc6 36.Rxc6 Ne6
37.Kg3 Nd4 38.Rd6 Ne2+ 39.Kh2 Nc1 40.Nf4 Nxa2 41.Rxg6+ Kf7 42.Rg5 Re5 43.Rxh5 a5
44.Rh7+ Kf6 45.Rb7 Nb4 46.Rb6+ Kg7 47.h5 Nc2 48.Kg3 e3 49.fxe3 Rxe3+ 50.Kh4 Nd4
51.h6+ Kh7 52.Kh5 Rxb3 53.Rd6  1-0

[Event "JUG-ch sf"]
[Site "Kladovo"]
[Date "1994.??.??"]
[Round "?"]
[White "Dragojlovic, Andjelko"]
[Black "Milanovic, Danilo"]
[Result "1-0"]
[WhiteElo "2335"]
[BlackElo "2300"]

1.e4 c5 2.Nf3 Nc6 3.Bb5 Na5 4.Be2 e6 5.O-O a6 6.c3 Nf6 7.e5 Nd5 8.d4 cxd4
9.c4 Ne7 10.b4 Nac6 11.b5 axb5 12.cxb5 Nb4 13.a3 d6 14.Bb2 d3 15.Bxd3 Nxd3
16.Qxd3 dxe5 17.Qxd8+ Kxd8 18.Nxe5 Ke8 19.Nc4 Nd5 20.Nc3 Nxc3 21.Bxc3 Bd7
22.Nb6 Rd8 23.a4 f6 24.Ba5 Bc5 25.Rfc1 Bd4 26.Rab1 Bxb6 27.Bxb6 Rc8 28.Rxc8+ Bxc8
29.Rc1 Kf7 30.Kf1 e5 31.Rc7+ Ke6 32.Rxg7 Bd7 33.Bc5 Ra8 34.Re7+ Kd5 35.Rxd7+ Kxc5
36.Rxh7 Kb6 37.Rh4 Rd8  1-0

[Event "JUG-ch sf"]
[Site "Kladovo"]
[Date "1994.??.??"]
[Round "?"]
[White "Damljanovic, Branko"]
[Black "Simic, Radoslav"]
[Result "1-0"]
[WhiteElo "2560"]
[BlackElo "2495"]

1.e4 c5 2.Nf3 Nc6 3.Bb5 g6 4.O-O Bg7 5.Re1 Nf6 6.c3 O-O 7.h3 e5 8.d3 Re8
9.Be3 b6 10.Nbd2 Bb7 11.Nf1 a6 12.Ba4 d5 13.Bg5 b5 14.Bb3 dxe4 15.dxe4 c4
16.Bc2 h6 17.Bxf6 Qxf6 18.a4 Qe7 19.axb5 axb5 20.Rxa8 Rxa8 21.Ne3 Nd8 22.Qb1 Qc5
23.h4 h5 24.Rd1 Bc6 25.b3 cxb3 26.Bxb3 Be8 27.Rd3 Nc6 28.Ng5 Ne7 29.Qd1 Qc8
30.Qf3 Kh8 31.Nxf7+ Bxf7 32.Qxf7 Qf8 33.Qxf8+ Bxf8 34.Nc2 Rc8 35.g3 Bh6 36.Nb4 g5
37.Be6 Ra8 38.Rd7 Ng6 39.Bf5 Nf8 40.Rd6 Kg7 41.hxg5 Bxg5 42.Rb6 h4 43.Rxb5 hxg3
44.fxg3 Bd2 45.Nd5 Ra7 46.c4 Nh7 47.Bxh7 Kxh7 48.c5 Ra1+ 49.Kf2 Rc1 50.Ke2 Bg5
51.Kd3  1-0

[Event "JUG-ch sf"]
[Site "Kladovo"]
[Date "1994.??.??"]
[Round "?"]
[White "Vojinovic, Goran"]
[Black "Damjanovic, Vladimir"]
[Result "1/2-1/2"]
[WhiteElo "2420"]
[BlackElo "2380"]

1.e4 c5 2.Nf3 Nc6 3.Bb5 Nf6 4.Qe2 e5 5.c3 Qc7 6.d3 Be7 7.Nbd2 O-O 8.a4 d6
9.Nf1 Na5 10.Bg5 Nh5 11.Nxe5 Bxg5 12.Qxh5 h6 13.Ng4 a6 14.Bc4 Nxc4 15.dxc4 Qe7
16.Nfe3 Qxe4 17.h4 Bxe3 18.Nxe3 Be6 19.Qf3 Qxf3 20.gxf3 b5 21.O-O-O Rfd8
22.b3 bxa4 23.bxa4 Rab8 24.a5 Rb3 25.Kc2 Ra3 26.Ra1 Rxa1 27.Rxa1 Kf8 28.f4 Rb8
29.Rg1 g6 30.Rh1 Kg7 31.h5 Bf5+ 32.Nxf5+ gxf5 33.Rg1+ Kf6  1/2-1/2

[Event "JUG-ch sf"]
[Site "Kladovo"]
[Date "1994.??.??"]
[Round "?"]
[White "Pikula, Dejan"]
[Black "Lekic, Dusan"]
[Result "1/2-1/2"]
[WhiteElo "2360"]
[BlackElo "2320"]

1.e4 c5 2.Nf3 Nc6 3.Bb5 d6 4.d4 cxd4 5.Qxd4 Bd7 6.Bxc6 Bxc6 7.c4 Nf6 8.Nc3 g6
9.O-O Bg7 10.Re1 O-O 11.Qd2 Nd7 12.b3 Nc5 13.Bb2 a5 14.Nd4 a4 15.b4 a3 16.Bc1 Na4
17.Nxa4 Rxa4 18.Rb1 Qc8 19.Rb3 Bd7 20.Qd3 Be6 21.Nxe6 Qxe6 22.Bxa3 Rfa8 23.h3 h6
24.Re3 Rc8 25.c5 dxc5 26.bxc5 Bd4 27.Re1 Qa6 28.Qxa6 Rxa6 29.Rc1 e5 30.Kf1 Rxa3
31.Rxa3 Bb2 32.Rac3 Ra8  1/2-1/2

[Event "Kopavogur"]
[Site "Kopavogur"]
[Date "1994.??.??"]
[Round "?"]
[White "Wells, Peter K"]
[Black "Jonasson, Benedikt"]
[Result "0-1"]
[WhiteElo "2490"]
[BlackElo "2280"]

1.e4 c5 2.Nf3 Nc6 3.Bb5 e6 4.O-O Nd4 5.Nxd4 cxd4 6.c3 a6 7.Bd3 Bc5 8.e5 d6
9.Qh5 Ba7 10.Be2 g6 11.Qh3 dxe5 12.b3 Ne7 13.d3 Nd5 14.c4 Nf4 15.Bxf4 exf4
16.Qh6 Qd6 17.Nd2 f5 18.Qg7 Qf8 19.Qe5 Rg8 20.Bf3 Qc5 21.Qxf4 g5 22.b4 gxf4
23.bxc5 Bxc5 24.Rab1 Rg7 25.Nb3 Bb6 26.c5 Ba7 27.Rfe1 Re7 28.c6 Rb8 29.Na5 bxc6
30.Rxb8 Bxb8 31.Nxc6 Rb7 32.Nxd4 Rb2 33.Nc6 Bc7 34.a4 Bd7 35.g3 fxg3 36.hxg3 Ra2
37.Nd4 Bb6 38.Bd5 Rd2 39.Bc6 Bxc6  0-1

[Event "Kopavogur"]
[Site "Kopavogur"]
[Date "1994.??.??"]
[Round "?"]
[White "Wells, Peter K"]
[Black "Grivas, Efstratios"]
[Result "0-1"]
[WhiteElo "2490"]
[BlackElo "2505"]

1.e4 c5 2.Nf3 Nc6 3.Bb5 d6 4.O-O Bd7 5.Re1 Nf6 6.c3 a6 7.Bxc6 Bxc6 8.d4 Bxe4
9.Bg5 Bd5 10.Nbd2 e6 11.c4 Bxf3 12.Qxf3 cxd4 13.Bxf6 gxf6 14.Qxb7 Bg7 15.Qc6+ Ke7
16.Nb3 f5 17.Rad1 Qc8 18.Qf3 Qxc4 19.Rc1 Qb4 20.Rc7+ Kf6 21.Rf1 h5 22.a3 Qa4
23.Nd2 d5 24.Qf4 Bh6 25.Qd6 Bxd2 26.Qe7+ Ke5 27.Rd7 Rh7 28.Qd6+ Kf6  0-1

[Event "Krynica op"]
[Site "Krynica"]
[Date "1994.??.??"]
[Round "?"]
[White "Lokasto, Anatol"]
[Black "Szymanski, Andrzej"]
[Result "1/2-1/2"]
[WhiteElo "2350"]
[BlackElo "2250"]

1.e4 c5 2.Nf3 Nc6 3.Bb5 d6 4.O-O Nf6 5.Re1 Bg4 6.h3 Bh5 7.d3 e6 8.Nc3 Nd7
9.Bxc6 bxc6 10.g4 Bg6 11.Bf4 Be7 12.Kg2 O-O 13.Qd2 f6 14.Bg3 h5 15.Bh4 Ne5
16.Nxe5 fxe5 17.Bxe7 Qxe7 18.f3 Rf7 19.Rh1 Raf8 20.Raf1 Bh7 21.Ne2 h4 22.Rf2 g5
23.Rb1 Kg7 24.Rff1 d5 25.a3 Kh6 26.Qc3 Qd6 27.Rbd1 Bg6 28.Qd2 Rb8 29.b3 Qe7
30.Nc3 Qd6 31.Na4 Rb5 32.Qe3 Rfb7 33.Rfe1 Re7 34.Qg1 Rf7 35.Re2 Kg7 36.Qe3 Kf6
37.Qd2 Rf8 38.Rde1 Re8 39.Qe3 Bf7 40.Qg1 Bg6 41.Qf2 Kg7 42.Qe3 Kf6 43.Qc1 Bf7
44.Qa1 Bg6 45.Rf1 Kg7 46.Qc1 Kh6 47.Qe3 Bf7 48.Qc1 Bg6 49.Qa1 Kg7 50.f4 gxf4
51.Rxf4 dxe4 52.dxe4 Qd4 53.Qxd4 cxd4 54.Rf3 Ra5 55.Kf2 c5 56.Ke1 c4 57.Kd2 d3  1/2-1/2

[Event "Kstovo op"]
[Site "Kstovo"]
[Date "1994.??.??"]
[Round "5"]
[White "Totsky, Leonid"]
[Black "Golovin, Leonid"]
[Result "1-0"]
[WhiteElo "2410"]
[BlackElo "2415"]

1.e4 c5 2.Nf3 Nc6 3.Bb5 Nf6 4.Nc3 d6 5.e5 Ng4 6.exd6 Qxd6 7.Ne4 Qd5 8.Qe2 Nf6
9.Neg5 e6 10.c4 Qf5 11.Bxc6+ bxc6 12.d3 h6 13.Ne4 Nd7 14.Bd2 e5 15.Bc3 Qe6
16.O-O f6 17.Nh4 g5 18.Ng6 Rg8 19.Nxf8 Kxf8 20.Ng3 Kf7 21.Qh5+ Rg6 22.Rae1 Nf8
23.f4 gxf4 24.Rxf4 exf4 25.Rxe6 Bxe6 26.Ne4 Nd7 27.Nd6+ Kg7 28.Qf3 Ne5 29.Qxf4 Nxd3
30.Qe3 Ne5 31.Bxe5 fxe5 32.Qxe5+ Kh7 33.Ne4 Bxc4 34.Nf6+ Kh8 35.Nh5+ Kg8
36.Nf4 Rf8 37.Qe4  1-0

[Event "Kstovo op"]
[Site "Kstovo"]
[Date "1994.??.??"]
[Round "7"]
[White "Kazhgaleyev, Murtas"]
[Black "Duchov, A."]
[Result "0-1"]
[WhiteElo "2455"]
[BlackElo "2365"]

1.e4 c5 2.Nf3 Nc6 3.Bb5 g6 4.O-O Bg7 5.c3 Nf6 6.Re1 O-O 7.h3 d6 8.d4 cxd4
9.cxd4 Bd7 10.Nc3 a6 11.Bf1 b5 12.a3 Qb8 13.e5 Ne8 14.Bf4 h6 15.Rc1 Qb7 16.exd6 exd6
17.Ne4 d5 18.Nc5 Qa7 19.Qd2 g5 20.Ne5 Nxe5 21.Bxe5 Bf5 22.Rc3 Rd8 23.Rf3 Be4
24.Bxg7 Kxg7 25.Nxe4 dxe4 26.Rxe4 Nf6 27.Re5 Nh7 28.d5 Rd6 29.Rfe3 Rfd8 30.Qc3 Nf6
31.Rf5 Qb6 32.Ref3 R8d7 33.Qe5 Qd8 34.h4 gxh4 35.Qf4 Qe7 36.g4 Nxd5 37.Qh2 Qd8
38.Qe5+ f6 39.Qh2 Ne7 40.Rc5 Ng6 41.Rfc3 Re7 42.Qg2 Rd1 43.Rc1 Nf4 44.Rxd1 Qxd1
45.Qc6 Ne2+ 46.Kh2 Qxf1 47.Rf5 Rf7 48.Rxf6 Rxf6 49.Qc7+ Kg6 50.Qc2+ Kg5 51.Qc5+ Kxg4
52.Qc8+ Kf3  0-1

[Event "Leeuwarden op"]
[Site "Leeuwarden"]
[Date "1994.??.??"]
[Round "3"]
[White "Zagema, Wieb"]
[Black "Nijboer, Friso"]
[Result "1/2-1/2"]
[WhiteElo "2355"]
[BlackElo "2510"]

1.e4 c5 2.Nf3 Nc6 3.Bb5 e6 4.O-O Nge7 5.Nc3 a6 6.Bxc6 Nxc6 7.d4 cxd4 8.Nxd4 Qc7
9.Re1 d6 10.Be3 Be7 11.Nf5 exf5 12.Nd5 Qb8 13.Bb6 O-O 14.Bc7 Qa7 15.Bb6 Qb8  1/2-1/2

[Event "Leeuwarden op"]
[Site "Leeuwarden"]
[Date "1994.??.??"]
[Round "5"]
[White "Finkel, Alexander"]
[Black "Nijboer, Friso"]
[Result "0-1"]
[WhiteElo "2465"]
[BlackElo "2510"]

1.e4 c5 2.Nf3 Nc6 3.Bb5 g6 4.Bxc6 dxc6 5.d3 Bg7 6.Nc3 e5 7.Be3 b6 8.h3 h6
9.O-O Ne7 10.Nh2 O-O 11.Qd2 Kh7 12.Rae1 Be6 13.Ng4 Ng8 14.f4 exf4 15.Bxf4 Bxg4
16.hxg4 Bd4+ 17.Be3 Nf6 18.Qd1 Bxe3+ 19.Rxe3 Qd4 20.Kf2 Nxg4+ 21.Qxg4 f5
22.Qf3 f4 23.Ke2 Qxe3+  0-1

[Event "Leeuwarden op"]
[Site "Leeuwarden"]
[Date "1994.??.??"]
[Round "8"]
[White "Ulibin, Mikhail"]
[Black "Reinderman, Dimitri"]
[Result "1-0"]
[WhiteElo "2510"]
[BlackElo "2450"]

1.e4 c5 2.Nf3 Nc6 3.Bb5 g6 4.O-O Bg7 5.c3 e5 6.d4 cxd4 7.cxd4 exd4 8.Bf4 Nge7
9.Bd6 O-O 10.Nbd2 b6 11.Rc1 Bb7 12.Re1 Re8 13.Bc4 Nc8 14.Bg3 a6 15.Bh4 Bf6
16.Bxf6 Qxf6 17.Bd5 N8e7 18.e5 Qg7 19.Be4 Rad8 20.Bxc6 dxc6 21.Ne4 Rf8 22.Nf6+ Kh8
23.Ng5 h6 24.Ngh7 Ng8 25.Nxf8 Qxf8 26.Qf3 Qe7 27.Qb3 b5 28.Ne4 Rd5 29.Nd6 Ba8
30.Rcd1 c5 31.Qa3 Qa7 32.Qa5 f6 33.f4 c4 34.Qd2 f5 35.Qf2 Qc5 36.a3 Qc6 37.Re2 d3
38.Red2 Qc5 39.Qxc5 Rxc5 40.Kf2 Ne7 41.Rc1 Rc6 42.a4 Nd5 43.axb5 axb5 44.Nxb5 Nxf4
45.Nd6  1-0

[Event "VfB op 1st"]
[Site "Leipzig"]
[Date "1994.??.??"]
[Round "?"]
[White "Roemling, Sven"]
[Black "Klee, Mario"]
[Result "1/2-1/2"]
[WhiteElo "2030"]
[BlackElo "1835"]

1.e4 c5 2.Nf3 Nc6 3.Bb5 g6 4.O-O Bg7 5.Re1 Nf6 6.c3 O-O 7.d4 cxd4 8.cxd4 Qb6
9.Nc3 a6 10.Bf1 d6 11.h3 Nd7 12.Nd5 Qd8 13.Bg5 h6 14.Be3 b5 15.Qc1 Bb7 16.Bxh6 Nxd4
17.Nxd4 Bxd4 18.Bxf8 Nxf8 19.Qd2 e5 20.a4 bxa4 21.Rxa4 Ne6 22.Rea1 Nc5 23.Rxd4 exd4
24.Rd1 Ne6 25.Nf4 Bxe4 26.Nxe6 fxe6 27.Qxd4 Bd5 28.Rd3 Kf7 29.Rg3 Qf6 30.Qb6 Qd8
31.Qd4 Qf6 32.Qd2 Rf8 33.b4 Rc8 34.Ra3 Rh8 35.Rxa6 Rxh3 36.Ra7+ Kg8 37.Qc1 Rh4
38.b5 Rb4 39.b6 Rb2 40.Qe3 g5 41.f3 Rb3  1/2-1/2

[Event "VfB op 1st"]
[Site "Leipzig"]
[Date "1994.??.??"]
[Round "?"]
[White "Schikor, Torsten"]
[Black "Prause, Thomas"]
[Result "1-0"]
[WhiteElo "2120"]
[BlackElo "1995"]

1.e4 c5 2.Nf3 Nc6 3.Bb5 e6 4.O-O Nge7 5.Re1 a6 6.Bf1 Ng6 7.c3 d5 8.d3 Be7
9.Na3 O-O 10.Nc2 d4 11.g3 e5 12.Nd2 h6 13.a3 Be6 14.c4 Qd7 15.Bg2 b5 16.b3 bxc4
17.bxc4 Rab8 18.Rf1 Bg5 19.h4 Bxd2 20.Bxd2 Bh3 21.Ne1 Bxg2 22.Nxg2 f5 23.Qf3 f4
24.h5 Nge7 25.gxf4 exf4 26.Bxf4 Kh7 27.Qg3 Rb3 28.Bd6 Rf6 29.Bxc5 g5 30.Rab1 Qb7
31.Rxb3 Qxb3 32.Bxe7 Nxe7 33.Qe5 Rf7 34.Qxd4  1-0

[Event "Linares op"]
[Site "Linares"]
[Date "1994.??.??"]
[Round "3"]
[White "Frois, Antonio"]
[Black "Spangenberg, Hugo"]
[Result "0-1"]
[WhiteElo "2385"]
[BlackElo "2510"]

1.e4 c5 2.Nf3 Nc6 3.Bb5 g6 4.O-O Bg7 5.Re1 Nf6 6.e5 Nd5 7.Nc3 Nc7 8.a4 O-O
9.Bxc6 dxc6 10.h3 Ne6 11.d3 Nd4 12.a5 Be6 13.Ne4 Bd5 14.Nxd4 cxd4 15.Bf4 Qc7
16.Nd2 c5 17.Qg4 Qc6 18.f3 b5 19.Qh4 f6 20.exf6 exf6 21.Qf2 Rae8 22.Rxe8 Rxe8
23.Re1 g5 24.Bg3 f5 25.Rxe8+ Qxe8 26.f4 gxf4 27.Bxf4 Qe6 28.b3 h6 29.Nf3 Kh7
30.Kh2 a6 31.Qg3 Bf8 32.Kh1 Be7 33.Kh2 Bf6 34.Qf2 Bd8 35.Qd2 b4 36.Qf2 Bxa5
37.Qg3 Bd8 38.Bd6 Bxf3 39.gxf3 Bg5 40.Qe5 Qxe5+ 41.Bxe5 Be7 42.Kg3 Kg6 43.Kf4 Bg5+
44.Kg3 Kf7 45.h4 Bf6 46.Bd6 Be7 47.Bxe7 Kxe7 48.f4 a5 49.Kf2 a4 50.bxa4 Kd6
51.Ke2 Kc6 52.Kd1 Kb6 53.Kc1 Ka5 54.Kb2 Kxa4 55.Ka2 b3+ 56.cxb3+ Kb4  0-1

[Event "Lippstadt"]
[Site "Lippstadt"]
[Date "1994.??.??"]
[Round "9"]
[White "Brenke, Andreas"]
[Black "Gostisa, Leon"]
[Result "0-1"]
[WhiteElo "2265"]
[BlackElo "2410"]

1.e4 c5 2.Nf3 Nc6 3.Bb5 d6 4.d4 cxd4 5.Qxd4 e5 6.Qd3 Be7 7.O-O Nf6 8.c4 O-O
9.Nc3 Bg4 10.Bxc6 bxc6 11.Bg5 Qc7 12.b4 Nh5 13.Bxe7 Qxe7 14.b5 f5 15.Nd2 Nf4
16.Qe3 cxb5 17.cxb5 Qg5 18.exf5 Bxf5 19.Qg3 Qh6 20.Qe3 Bh3 21.gxh3 Nxh3+
22.Kh1 Nxf2+ 23.Qxf2 Rxf2 24.Rxf2 Qe3 25.Nd1 Qe1+ 26.Kg2 e4 27.Nf1 Re8 28.Nfe3 Re5
29.Rc1 Rg5+ 30.Kh3 h6 31.Rc6 Qg1 32.Kh4 Rh5+  0-1

[Event "Litomysl op"]
[Site "Litomysl"]
[Date "1994.??.??"]
[Round "?"]
[White "Dmitriev, Igor"]
[Black "Obsivac, Josef"]
[Result "1-0"]
[WhiteElo "2425"]
[BlackElo "2310"]

1.e4 c5 2.Nf3 Nc6 3.Bb5 e6 4.b3 Nge7 5.Bb2 a6 6.Bxc6 Nxc6 7.O-O b5 8.Na3 Be7
9.Bxg7 Rg8 10.Bb2 Bb7 11.d3 Qb6 12.c4 O-O-O 13.Qe2 d5 14.exd5 exd5 15.cxb5 axb5
16.d4 b4 17.dxc5 Bxc5 18.Nc2 d4 19.Nce1 Rde8 20.Qc2 Kb8 21.Qf5 f6 22.Qxf6 Ref8
23.Qe6 Rg6 24.Qh3 Qd8 25.Rd1 Qd5 26.Kh1 Rfg8 27.Rg1 R8g7 28.Bc1 Rg4 29.Qh6 Qf5
30.h3 R7g6 31.Qxh7 Re4 32.Nh4 Rxh4 33.Qxh4 Bd6 34.Nd3 Ka7 35.Bf4 Bxf4 36.Nxf4 Rf6
37.Nd3 Rf7 38.f3 Rh7 39.Qg3 Ne7 40.Kh2 Nd5 41.Rd2 Ne3 42.Qf4 Qd7 43.Ne5  1-0

[Event "Litomysl op"]
[Site "Litomysl"]
[Date "1994.??.??"]
[Round "?"]
[White "Fuksik, Jakub"]
[Black "Vavrousek, Petr"]
[Result "0-1"]
[WhiteElo "2145"]
[BlackElo "1750"]

1.e4 c5 2.Nf3 Nc6 3.Bb5 g6 4.Bxc6 dxc6 5.h3 Bg7 6.d3 Qc7 7.Nc3 Nf6 8.Be3 b6
9.Qd2 e5 10.O-O-O a5 11.Nh4 Qe7 12.g3 a4 13.a3 b5 14.f4 b4 15.Nb1 exf4 16.gxf4 Nd7
17.Nf3 Nb6 18.Qf2 Nd7 19.Nfd2 Rb8 20.e5 bxa3 21.Nxa3 Ba6 22.Ne4 O-O 23.Nxc5 Nxc5
24.Bxc5 Qb7 25.Bd4 c5 26.Bc3 Rfc8 27.f5 c4 28.d4 Qe7 29.f6 Bh6+ 30.Bd2 Qb4
31.Bxh6 Qxb2+ 32.Kd2 Qb4+ 33.Ke3 Qxa3+ 34.Kf4 Bb7 35.d5 Qc5 36.Qd4 a3 37.Ke4 Qxd4+
38.Rxd4 Rd8 39.Ra1 Ra8 40.Bd2 a2 41.Bb4 Ra6 42.c3 h6 43.Be7 Rxd5 44.Rxd5 Ra5
45.Kd4 Rxd5+ 46.Kxc4 Rd2 47.Ba3 Bd5+ 48.Kb4 Rc2 49.Bc1 g5 50.h4 gxh4 51.Kc5 Be6
52.Bxh6 Rxc3+ 53.Kd6 Rg3  0-1

[Event "EU-ch U20 Girls"]
[Site "Litomysl"]
[Date "1994.??.??"]
[Round "6"]
[White "Kovalevskaya, Ekaterina"]
[Black "Stankovic, Marija"]
[Result "1/2-1/2"]
[WhiteElo "2305"]
[BlackElo "2155"]

1.e4 c5 2.Nf3 Nc6 3.Bb5 g6 4.c3 e5 5.Bxc6 dxc6 6.O-O Bg7 7.d3 Qe7 8.Nbd2 Nf6
9.Nc4 Nd7 10.Bg5 f6 11.Be3 O-O 12.Re1 Rd8 13.Qb3 Nf8 14.Qa3 Be6 15.Bxc5 Qd7
16.Ne3 Qxd3 17.Rad1 Qxe4 18.Rxd8 Rxd8 19.Qxa7 g5 20.Qb6 Rd7 21.h3 Bxh3 22.Nf1 Qg4
23.Qb3+ Kh8 24.Ne3 Qh5 25.Bxf8 Bxf8 26.Nh2 g4 27.gxh3 gxh3 28.Qe6 Rg7+ 29.Kh1 Qh4
30.Neg4 h5 31.Qxf6 Be7 32.Qxh4 Bxh4 33.Nxe5 Bxf2 34.Rf1 Bg3 35.Nef3 Re7 36.Nd4 Bc7
37.Nhf3 c5 38.Nb5 Bg3 39.Na3 Re2 40.Nc4 b5 41.Ncd2 Kh7 42.Ne4 h4 43.Nxc5 Rxb2
44.Ne4 Rxa2  1/2-1/2

[Event "EU-ch U20 Girls"]
[Site "Litomysl"]
[Date "1994.??.??"]
[Round "8"]
[White "Segal, Anna"]
[Black "Kovalevskaya, Ekaterina"]
[Result "1/2-1/2"]
[WhiteElo "2170"]
[BlackElo "2305"]

1.e4 c5 2.Nf3 Nc6 3.Bb5 e6 4.O-O Nge7 5.Re1 a6 6.Bxc6 Nxc6 7.d4 cxd4 8.Nxd4 Be7
9.Nxc6 dxc6 10.Qg4 O-O 11.e5 f5 12.exf6 Bxf6 13.Nc3 e5 14.Qc4+ Kh8 15.Be3 Bf5
16.Bc5 Be7 17.Rxe5 Bxc5 18.Qxc5 Qf6 19.Rae1 Bxc2 20.Re6 Qf5 21.Qxf5 Bxf5  1/2-1/2

[Event "Ljubljana op"]
[Site "Ljubljana"]
[Date "1994.??.??"]
[Round "?"]
[White "Sax, Gyula"]
[Black "Podlesnik, Bogdan"]
[Result "1/2-1/2"]
[WhiteElo "2520"]
[BlackElo "2400"]

1.e4 c5 2.Nf3 Nc6 3.Bb5 e6 4.O-O Nge7 5.c3 d5 6.exd5 Qxd5 7.Qe2 Bd7 8.d4 cxd4
9.cxd4 Nf5 10.Nc3 Nfxd4 11.Nxd4 Nxd4 12.Qe3 Qd6 13.Rd1 Nxb5 14.Rxd6 Nxd6
15.Qe2 Bc6 16.Bf4 Be7 17.Rd1 Nf5 18.h3 O-O 19.Nb5 a6 20.Nd6 Nxd6 21.Bxd6 Bxd6
22.Rxd6 Rfd8 23.Qe5 h6 24.a3 Rac8 25.Kh2 Ra8 26.Qd4 Rxd6 27.Qxd6 a5 28.b3 Bd5
29.Qb6 Rc8 30.Qb5  1/2-1/2

[Event "Ljubljana op"]
[Site "Ljubljana"]
[Date "1994.??.??"]
[Round "?"]
[White "Kolar, Srecko"]
[Black "Muse, Mladen"]
[Result "0-1"]
[WhiteElo "2220"]
[BlackElo "2455"]

1.e4 c5 2.Nf3 Nc6 3.Bb5 e6 4.O-O Nge7 5.Nc3 a6 6.Bxc6 Nxc6 7.d4 cxd4 8.Nxd4 d6
9.Re1 Be7 10.Nxc6 bxc6 11.Qg4 g6 12.Bh6 e5 13.Qg3 Rg8 14.Bd2 Be6 15.Rad1 Rb8
16.b3 f5 17.Qh3 Qd7 18.exf5 gxf5 19.f4 e4 20.Ne2 d5 21.Be3 c5 22.c3 a5 23.Qxh7 Bf8
24.Qxd7+ Kxd7 25.Kf2 Kc6 26.c4 dxc4 27.bxc4 Bxc4 28.Rc1 Bd3 29.Bd4 c4 30.g3 Bc5
31.Ke3 Rb2 32.Bxc5 Kxc5 33.Nd4 Rxh2 34.Nxf5 Rh5 35.Ne7 Rxg3+ 36.Kf2 Rf3+
37.Kg2 Rxf4  0-1

[Event "Ljubljana op"]
[Site "Ljubljana"]
[Date "1994.??.??"]
[Round "?"]
[White "Barle, Janez"]
[Black "Beshukov, Sergei"]
[Result "1-0"]
[WhiteElo "2440"]
[BlackElo "2480"]

1.e4 c5 2.Nf3 Nc6 3.Bb5 e6 4.O-O Nge7 5.Nc3 a6 6.Bxc6 Nxc6 7.d4 cxd4 8.Nxd4 d6
9.Re1 Be7 10.Nxc6 bxc6 11.Qg4 O-O 12.Bh6 Bf6 13.e5 dxe5 14.Ne4 Kh8 15.Rad1 Qe7
16.Be3 Rg8 17.Bc5 Qe8 18.Nd6 Qf8 19.Qh5 g6 20.Qf3 Qg7 21.Qxc6  1-0